Affordability and supply of housing (Record no. 105585)

MARC details
000 -LEADER
fixed length control field 01233cam a2200229 4500
001 - CONTROL NUMBER
control field ##L134179
008 - FIXED-LENGTH DATA ELEMENTS--GENERAL INFORMATION
fixed length control field 060714n2006 000 0 eng u
035 ## - SYSTEM CONTROL NUMBER
System control number (Sirsi) u134179
041 0# - LANGUAGE CODE
Language code of text/sound track or separate title eng
050 04 - LIBRARY OF CONGRESS CALL NUMBER
Classification number 306.1 $2 18
110 1# - MAIN ENTRY--CORPORATE NAME
Corporate name or jurisdiction name as entry element United Kingdom
Subordinate unit Parliament
-- House of Commons
-- Select Committee on the Office of the Deputy Prime Minister
245 00 - TITLE STATEMENT
Title Affordability and supply of housing
Remainder of title third report of session 2005-06: volume one
260 ## - PUBLICATION, DISTRIBUTION, ETC.
Place of publication, distribution, etc. London
Name of publisher, distributor, etc. TSO
Date of publication, distribution, etc. 2006
490 #0 - SERIES STATEMENT
Series statement HC
Volume/sequential designation 703-I
520 ## - SUMMARY, ETC.
Summary, etc. Examines government plans to make decent homes available to everyone at an affordable cost. Reports on housing supply and household growth, meeting housing needs and aspirations, housing growth and urban regeneration, reducing the housebuilding programme and managing the environmental impact. Provides conclusions and recommendations. Volume two contains oral and written evidence.
590 ## - LOCAL NOTE (RLIN)
Local note IKA180706 NTK, KA
650 24 - SUBJECT ADDED ENTRY--TOPICAL TERM
Topical term or geographic name entry element Affordable housing
9 (RLIN) 6215
651 #4 - SUBJECT ADDED ENTRY--GEOGRAPHIC NAME
Geographic name England
Chronological subdivision 886-
690 ## - LOCAL SUBJECT ADDED ENTRY--TOPICAL TERM (OCLC, RLIN)
Topical term or geographic name as entry element PROPERTY-RESIDENTIAL PROPERTY-RESIDENTIAL PROPERTY DEVELOPMENT
856 40 - ELECTRONIC LOCATION AND ACCESS
Uniform Resource Identifier <a href="https://www.publications.parliament.uk/pa/cm/cmodpm.htm">https://www.publications.parliament.uk/pa/cm/cmodpm.htm</a>
Public note View the report free of charge at www.publications.parliament.uk...
942 ## - ADDED ENTRY ELEMENTS (KOHA)
Suppress in OPAC 0
Holdings
Withdrawn status Lost status Source of classification or shelving scheme Damaged status Not for loan Home library Current library Shelving location Date acquired Total Checkouts Full call number Barcode Date last seen Copy number Price effective from Koha item type
    Dewey Decimal Classification     Virtual Virtual Online 14/07/2006   ONLINE PUBLICATION 134179-2001 06/08/2019 1 06/08/2019 Book